[Event "CZE-chT2A 1011"]
[Site "Czech Republic"]
[Date "2011.04.10"]
[Round "11"]
[White "Mraz, Miroslav"]
[Black "Snajdr, Jiri"]
[Result "1/2-1/2"]
[WhiteElo "2066"]
[BlackElo "1991"]
[PlyCount "24"]
[EventDate "2010.10.17"]
[EventType "team-tourn"]
[EventRounds "11"]
[EventCountry "CZE"]
[SourceTitle "EXT 2012"]
[Source "ChessBase"]
[SourceDate "2011.11.24"]
[SourceVersion "1"]
[SourceVersionDate "2011.11.24"]
[SourceQuality "1"]
[WhiteTeam "Cesky Krumlov"]
[BlackTeam "Plzen Letna"]
[WhiteTeamCountry "CZE"]
[BlackTeamCountry "CZE"]

1. d4 d5 2. Nf3 c6 3. c4 Nf6 4. Nc3 e6 5. e3 Nbd7 6. Bd3 dxc4 7. Bxc4 b5 8. Bd3 a6 9. e4 c5 10. 0-0 cxd4 11. Nxd4 Bb7 12. Bg5 Be7 1/2-1/2

[Event "CZE-chT2A 1011"]
[Site "Czech Republic"]
[Date "2011.01.09"]
[Round "5"]
[White "Winkelhoefer, Ladislav"]
[Black "Snajdr, Jiri"]
[Result "1/2-1/2"]
[WhiteElo "2089"]
[BlackElo "1991"]
[PlyCount "36"]
[EventDate "2010.10.17"]
[EventType "team-tourn"]
[EventRounds "11"]
[EventCountry "CZE"]
[SourceTitle "EXT 2012"]
[Source "ChessBase"]
[SourceDate "2011.11.24"]
[SourceVersion "1"]
[SourceVersionDate "2011.11.24"]
[SourceQuality "1"]
[WhiteTeam "Plzen Sokol"]
[BlackTeam "Plzen Letna"]
[WhiteTeamCountry "CZE"]
[BlackTeamCountry "CZE"]

1. c4 c5 2. Nc3 Nf6 3. g3 d5 4. cxd5 Nxd5 5. Bg2 Nc7 6. d3 e5 7. Qb3 Nc6 8. Nf3 Be7 9. 0-0 0-0 10. Be3 Rb8 11. Nd2 Be6 12. Qa4 b5 13. Nxb5 Nxb5 14. Bxc6 Nd4 15. Bxd4 cxd4 16. b3 Bb4 17. Nc4 Qc7 18. Rac1 Rfc8 1/2-1/2

[Event "Plzen op 1st"]
[Site "Plzen"]
[Date "2009.12.06"]
[Round "2"]
[White "Mikulas, Dusan"]
[Black "Snajdr, Jiri"]
[Result "1-0"]
[WhiteElo "2210"]
[BlackElo "2002"]
[PlyCount "51"]
[EventDate "2009.12.05"]
[EventType "swiss"]
[EventRounds "9"]
[EventCountry "CZE"]
[SourceTitle "CBM 133 Extra"]
[Source "ChessBase"]
[SourceDate "2010.01.05"]
[SourceVersion "1"]
[SourceVersionDate "2010.01.05"]
[SourceQuality "1"]

1. e4 c5 2. Nf3 d6 3. d4 cxd4 4. Nxd4 Nf6 5. Nc3 Nc6 6. f4 Bd7 7. Nf3 Qc7 8. Bd3 e6 9. 0-0 Be7 10. Kh1 a6 11. Qe1 Nb4 12. Be3 Nxd3 13. cxd3 Bc6 14. Qg3 g6 15. Rae1 Rd8 16. Bd4 Rg8 17. Qf2 Nd7 18. Ng5 h6 19. Nh7 b5 20. b4 Qb7 21. Re2 d5 22. f5 e5 23. fxg6 f6 24. Bxe5 Nxe5 25. Nxf6+ Bxf6 26. exd5 1-0

[Event "Klatovy op-A"]
[Site "Klatovy"]
[Date "2007.07.07"]
[Round "8"]
[White "Pravdik, Kamil"]
[Black "Snajdr, Jiri"]
[Result "1/2-1/2"]
[WhiteElo "2019"]
[BlackElo "2004"]
[PlyCount "39"]
[EventDate "2007.06.30"]
[EventType "swiss"]
[EventRounds "9"]
[EventCountry "CZE"]
[SourceTitle "CBM 119 Extra"]
[Source "ChessBase"]
[SourceDate "2007.09.04"]
[SourceVersion "1"]
[SourceVersionDate "2007.09.04"]
[SourceQuality "1"]

1. d4 Nf6 2. c4 d6 3. Nc3 Nbd7 4. e4 e5 5. Nf3 Be7 6. Be2 0-0 7. 0-0 c6 8. b3 Qc7 9. a4 Re8 10. d5 Nf8 11. Ne1 Ng6 12. Nd3 Qd7 13. b4 a5 14. b5 c5 15. Ra3 Bd8 16. Qe1 Qe7 17. Bg5 h6 18. Bd2 b6 19. f3 Rf8 20. Nd1 1/2-1/2

[Event "CZE-chT2a 0607"]
[Site "Czech Republic"]
[Date "2007.01.14"]
[Round "6.8"]
[White "Snajdr, Jiri"]
[Black "Zeman, Martin"]
[Result "1/2-1/2"]
[WhiteElo "1979"]
[BlackElo "1955"]
[PlyCount "45"]
[EventDate "2006.10.15"]
[EventType "team"]
[EventRounds "11"]
[EventCountry "CZE"]
[SourceTitle "EXT 2009"]
[Source "ChessBase"]
[SourceDate "2008.11.26"]
[SourceVersion "1"]
[SourceVersionDate "2008.11.26"]
[SourceQuality "1"]
[WhiteTeam "Plzen Letna"]
[BlackTeam "Pribram Alva"]
[WhiteTeamCountry "CZE"]
[BlackTeamCountry "CZE"]

1. d4 Nf6 2. c4 g6 3. Nc3 Bg7 4. e4 d6 5. Bd3 e5 6. dxe5 dxe5 7. Nge2 Be6 8. 0-0 Na6 9. b3 c6 10. a3 Nc5 11. Bc2 Qe7 12. Bg5 Rd8 13. Qc1 h6 14. Bh4 0-0 15. f3 Rd7 16. Qe3 Rfd8 17. Rfd1 Rxd1+ 18. Rxd1 Rxd1+ 19. Bxd1 b6 20. Bc2 Ng4 21. Bxe7 Nxe3 22. Bxc5 Nxc2 23. Bd6 1/2-1/2

[Event "Klatovy op-A"]
[Site "Klatovy"]
[Date "2005.07.09"]
[Round "8"]
[White "Svoboda, Vaclav1111"]
[Black "Snajdr, Jiri"]
[Result "0-1"]
[WhiteElo "1989"]
[BlackElo "2069"]
[PlyCount "120"]
[EventDate "2005.07.02"]
[EventType "swiss"]
[EventRounds "9"]
[EventCountry "CZE"]
[SourceTitle "CBM 107 Extra"]
[Source "ChessBase"]
[SourceDate "2005.09.01"]
[SourceVersion "1"]
[SourceVersionDate "2005.09.01"]
[SourceQuality "1"]

1. e4 c5 2. Nf3 d6 3. d4 cxd4 4. Qxd4 Nc6 5. Bb5 Bd7 6. Bxc6 bxc6 7. Nc3 e5 8. Qd3 Nf6 9. Bg5 Rb8 10. Nd2 Be6 11. 0-0 h6 12. Be3 d5 13. exd5 cxd5 14. Bxa7 Rb7 15. Nb5 Qd7 16. a4 Rxa7 17. Nxa7 Qxa7 18. Nb3 Be7 19. Qg3 0-0 20. Qxe5 Ng4 21. Qg3 Bf6 22. h3 Be5 23. Qd3 Nf6 24. c3 Rb8 25. Nd4 Bd7 26. Rfb1 Ne4 27. f3 Ng3 28. Qd2 Bf5 29. Re1 f6 30. Qf2 Bd7 31. a5 Nh5 32. Qd2 Bf4 33. Qc2 Ng3 34. Re7 Bd6 35. Ree1 Bc5 36. Kh2 Qc7 37. Rad1 Bxd4 38. Rxd4 Nf5+ 39. Kg1 Nxd4 40. Qd2 Ne6 41. Qxd5 Qc5+ 42. Qxc5 Nxc5 43. b4 Na4 44. Re7 Bb5 45. Rc7 Nb2 46. Kf2 Re8 47. Rc5 Re5 48. Rc7 f5 49. Kg3 g5 50. h4 Rd5 51. hxg5 hxg5 52. Kh3 Nc4 53. Kg3 Ne3 54. Kf2 f4 55. Kg1 Rd1+ 56. Kh2 Rd2 57. Rc5 Rxg2+ 58. Kh1 Be2 59. b5 Bxf3 60. b6 Ng4 0-1

[Event "Klatovy op-A"]
[Site "Klatovy"]
[Date "2005.07.04"]
[Round "3"]
[White "Snajdr, Jiri"]
[Black "Peniska, Pavel"]
[Result "1-0"]
[WhiteElo "2069"]
[BlackElo "2044"]
[PlyCount "63"]
[EventDate "2005.07.02"]
[EventType "swiss"]
[EventRounds "9"]
[EventCountry "CZE"]
[SourceTitle "CBM 107 Extra"]
[Source "ChessBase"]
[SourceDate "2005.09.01"]
[SourceVersion "1"]
[SourceVersionDate "2005.09.01"]
[SourceQuality "1"]

1. d4 Nf6 2. c4 g6 3. Nc3 d5 4. Bf4 Bg7 5. Nf3 c5 6. dxc5 Qa5 7. cxd5 Nxd5 8. Qxd5 Bxc3+ 9. Bd2 Bxd2+ 10. Qxd2 Qxc5 11. Rc1 Qf5 12. Nd4 Qd7 13. Qh6 Nc6 14. Nxc6 bxc6 15. Qg7 Rf8 16. e3 Bb7 17. Be2 h5 18. 0-0 e6 19. Bf3 Rc8 20. Rfd1 Qe7 21. Qd4 f6 22. Qxa7 Kf7 23. Qb6 Rc7 24. b4 Rfc8 25. h3 c5 26. Bxb7 Rxb7 27. Qa6 Rcb8 28. bxc5 Ra7 29. Qc4 Rc7 30. Rc3 Rbc8 31. Qa4 Kf8 32. c6 1-0

[Event "Klatovy op-A"]
[Site "Klatovy"]
[Date "2004.07.09"]
[Round "7"]
[White "Umanec, Filip"]
[Black "Snajdr, Jiri"]
[Result "1/2-1/2"]
[WhiteElo "2089"]
[BlackElo "2063"]
[PlyCount "91"]
[EventDate "2004.07.03"]
[EventType "swiss"]
[EventRounds "9"]
[EventCountry "CZE"]
[SourceTitle "CBM 101 Extra"]
[Source "ChessBase"]
[SourceDate "2004.09.01"]
[SourceVersion "2"]
[SourceVersionDate "2004.09.01"]
[SourceQuality "1"]

1. e4 c5 2. d4 cxd4 3. c3 dxc3 4. Nxc3 Nc6 5. Nf3 d6 6. Bc4 e6 7. 0-0 Be7 8. Qe2 Nf6 9. Rd1 e5 10. Be3 0-0 11. Rac1 Bg4 12. a3 Rc8 13. Rd2 a6 14. Ba2 Kh8 15. Qd3 h6 16. Bb1 Be6 17. b4 Ng4 18. Nd5 Nxe3 19. fxe3 Re8 20. Bc2 Na7 21. Rcd1 g6 22. Bb1 Nb5 23. a4 Bxd5 24. Qxd5 Nc3 25. Qxf7 Nxd1 26. Rxd1 Bg5 27. Qxg6 Qf6 28. Qh5 Bxe3+ 29. Kh1 Rg8 30. Ba2 Rg7 31. Bb3 Qg6 32. Qxg6 Rxg6 33. Nh4 Rg4 34. g3 Rc1 35. Rxc1 Bxc1 36. Bd5 Rg7 37. Nf5 Rd7 38. Kg2 Kh7 39. Kf3 Ba3 40. b5 axb5 41. axb5 b6 42. Kg4 Kg6 43. Bc6 Ra7 44. Be8+ Kf6 45. h4 Ra8 46. Bc6 1/2-1/2

[Event "Plzen op-A 10th"]
[Site "Plzen"]
[Date "2004.??.??"]
[Round "5"]
[White "Snajdr, Jiri"]
[Black "Adamek, Frantisek"]
[Result "1-0"]
[WhiteElo "2060"]
[BlackElo "2140"]
[PlyCount "139"]
[EventDate "2004.08.??"]
[EventType "swiss"]
[EventRounds "9"]
[EventCountry "CZE"]
[SourceTitle "EXT 2007"]
[Source "ChessBase"]
[SourceDate "2006.11.23"]
[SourceVersion "1"]
[SourceVersionDate "2006.11.23"]
[SourceQuality "1"]

1. d4 g6 2. c4 Bg7 3. Nc3 d6 4. Nf3 Nf6 5. e4 0-0 6. Be2 a6 7. 0-0 Bg4 8. h3 Bxf3 9. Bxf3 Nfd7 10. Bg5 c6 11. a4 Re8 12. Qc2 Qc7 13. Be2 Bxd4 14. Rad1 Bf6 15. Be3 a5 16. f4 Na6 17. g4 Ndc5 18. g5 Bg7 19. Bg4 e6 20. Bf3 Rad8 21. h4 f6 22. h5 fxg5 23. hxg6 hxg6 24. e5 dxe5 25. fxg5 e4 26. Nxe4 Nxe4 27. Qxe4 Qe5 28. Qxe5 Bxe5 29. b3 Rxd1 30. Rxd1 Re7 31. Be4 Kg7 32. Kg2 Bc7 33. Rh1 Nb8 34. Rh6 Nd7 35. Rxg6+ Kf7 36. Rh6 Nf8 37. Bc5 Re8 38. Bf3 Kg7 39. Bh5 Rd8 40. Rf6 Rd2+ 41. Kf1 Bd6 42. Rf7+ Kg8 43. Bxd6 Rxd6 44. Rxb7 Nd7 45. Bf3 Ne5 46. Ke2 c5 47. Rb5 Nd3 48. Ke3 Nc1 49. Be2 Kg7 50. Rxa5 Nxb3 51. Rb5 Nd4 52. Rxc5 Kg6 53. Bd3+ Nf5+ 54. Bxf5+ exf5 55. Rd5 Ra6 56. Kf4 Rxa4 57. Rd6+ Kg7 58. Rc6 Ra1 59. Kxf5 Rf1+ 60. Ke4 Rd1 61. Ke5 Rd2 62. Rd6 Rg2 63. g6 Kf8 64. c5 Ke7 65. Ra6 Rg5+ 66. Kd4 Kd7 67. Kc4 Kc7 68. Kb5 Rg1 69. Ra7+ Kb8 70. Rg7 1-0

[Event "Plzen op-A 10th"]
[Site "Plzen"]
[Date "2004.??.??"]
[Round "7"]
[White "Snajdr, Jiri"]
[Black "Franchini, Gabriele"]
[Result "0-1"]
[WhiteElo "2060"]
[BlackElo "2215"]
[PlyCount "74"]
[EventDate "2004.08.??"]
[EventType "swiss"]
[EventRounds "9"]
[EventCountry "CZE"]
[SourceTitle "EXT 2007"]
[Source "ChessBase"]
[SourceDate "2006.11.23"]
[SourceVersion "1"]
[SourceVersionDate "2006.11.23"]
[SourceQuality "1"]

1. d4 Nf6 2. c4 c5 3. d5 b5 4. Qc2 bxc4 5. e4 d6 6. Bxc4 g6 7. Bd2 Bg7 8. Bc3 0-0 9. Nf3 a5 10. 0-0 Nbd7 11. Na3 Nb6 12. Be2 Bd7 13. Bb5 Qe8 14. Bxd7 Qxd7 15. Rad1 Rfb8 16. Nd2 Na4 17. Ndc4 Nxc3 18. bxc3 Qb7 19. f4 Nd7 20. e5 dxe5 21. f5 Nf6 22. fxg6 fxg6 23. Qf2 Qc7 24. Qe2 Ne8 25. Qg4 Ra6 26. d6 exd6 27. Qe6+ Kh8 28. Rf7 d5 29. Qxd5 Qc6 30. Qxc6 Rxc6 31. Rdd7 e4 32. Nxa5 Re6 33. Kf1 e3 34. Rxg7 Nxg7 35. Nb3 e2+ 36. Ke1 Rf8 37. Nd2 Nf5 0-1

[Event "Plzen op-A 10th"]
[Site "Plzen"]
[Date "2004.??.??"]
[Round "3"]
[White "Snajdr, Jiri"]
[Black "Simunek, Filip"]
[Result "1/2-1/2"]
[WhiteElo "2060"]
[BlackElo "1875"]
[PlyCount "66"]
[EventDate "2004.08.??"]
[EventType "swiss"]
[EventRounds "9"]
[EventCountry "CZE"]
[SourceTitle "EXT 2007"]
[Source "ChessBase"]
[SourceDate "2006.11.23"]
[SourceVersion "1"]
[SourceVersionDate "2006.11.23"]
[SourceQuality "1"]

1. d4 Nf6 2. c4 g6 3. Nc3 d5 4. Bf4 Bg7 5. Nf3 0-0 6. e3 c5 7. dxc5 Qa5 8. Rc1 dxc4 9. Bxc4 Qxc5 10. Qe2 Bg4 11. Bb3 Nc6 12. 0-0 Qh5 13. h3 Bxf3 14. Qxf3 Qxf3 15. gxf3 Na5 16. Ba4 Nc4 17. Rc2 a6 18. Bb3 Na5 19. Bd5 Rac8 20. Rfc1 Rfd8 21. b4 Nc6 22. Bxc6 Rxc6 23. Na4 Rxc2 24. Rxc2 h5 25. Be5 Rd1+ 26. Kg2 Nd5 27. Bxg7 Kxg7 28. a3 Ra1 29. Nc3 Nb6 30. Ne4 Nd5 31. Rc5 Nf6 32. Rc7 Nxe4 33. fxe4 Rxa3 1/2-1/2

[Event "Plzen op-A 9th"]
[Site "Plzen"]
[Date "2003.08.16"]
[Round "1"]
[White "Snajdr, Jiri"]
[Black "Folk, Petr"]
[Result "0-1"]
[WhiteElo "2063"]
[BlackElo "2284"]
[PlyCount "112"]
[EventDate "2003.08.16"]
[EventType "swiss"]
[EventRounds "9"]
[EventCountry "CZE"]
[SourceTitle "CBM 095 Extra"]
[Source "ChessBase"]
[SourceDate "2003.09.04"]
[SourceVersion "1"]
[SourceVersionDate "2003.09.04"]
[SourceQuality "1"]

1. d4 Nf6 2. c4 c5 3. d5 b5 4. Qc2 g6 5. e4 d6 6. Nf3 Bg7 7. Be2 0-0 8. 0-0 bxc4 9. Bxc4 Nbd7 10. Bd2 Nb6 11. Ba5 Qd7 12. Be2 Qa4 13. Qxa4 Nxa4 14. Nbd2 Nxb2 15. Rab1 Na4 16. Bb5 Nb6 17. e5 dxe5 18. Nxe5 Nfxd5 19. Ndf3 Bb7 20. Rfc1 Rfc8 21. Nd7 c4 22. Bxb6 Nxb6 23. Nxb6 axb6 24. Bxc4 Bh6 25. Rc3 Ba6 26. Ne5 e6 27. Rxb6 Bg7 28. Ra3 Bb7 29. Rxa8 Bxa8 30. f4 g5 31. g3 Bxe5 32. fxe5 Rxc4 33. Rb8+ Kg7 34. Rxa8 Rc5 35. a4 Rxe5 36. Kf2 Kg6 37. h3 h5 38. a5 Kf5 39. a6 Ra5 40. Rh8 Kg6 41. Ra8 Ra3 42. Rg8+ Kf5 43. Rh8 h4 44. gxh4 gxh4 45. Rh5+ Kg6 46. Rxh4 Rxa6 47. Rh8 Ra3 48. Rh4 f5 49. Rh8 e5 50. h4 e4 51. h5+ Kg7 52. Rb8 Rh3 53. Rb6 Rxh5 54. Kg3 Rh6 55. Rb5 Kf6 56. Rb6+ Kg5 0-1

[Event "Klatovy op-A"]
[Site "Klatovy"]
[Date "2003.??.??"]
[Round "3"]
[White "Snajdr, Jiri"]
[Black "Biolek, Richard"]
[Result "0-1"]
[WhiteElo "2063"]
[BlackElo "2426"]
[PlyCount "79"]
[EventDate "2003.??.??"]
[EventType "swiss"]
[EventRounds "9"]
[EventCountry "CZE"]
[SourceTitle "EXT 2005"]
[Source "ChessBase"]
[SourceDate "2004.11.15"]
[SourceVersion "1"]
[SourceVersionDate "2004.11.15"]
[SourceQuality "1"]

1. d4 Nf6 2. c4 c5 3. d5 e6 4. Nc3 exd5 5. cxd5 d6 6. Bg5 Be7 7. Nf3 0-0 8. g3 Ne8 9. Bxe7 Qxe7 10. Bg2 Nd7 11. 0-0 a6 12. a4 b6 13. Re1 Rb8 14. Qd3 Ne5 15. Nxe5 dxe5 16. e4 Nd6 17. b3 Rd8 18. Nd1 b5 19. Ne3 bxa4 20. bxa4 Rb4 21. Rec1 Rd4 22. Qc3 Nxe4 23. Bxe4 Rxe4 24. Qxc5 Qxc5 25. Rxc5 Bh3 26. Rc3 Rd4 27. f3 Rd2 28. Rb1 h5 29. Rb7 Rd7 30. Rb8+ Kh7 31. Rb4 Rd4 32. Rcc4 Rd3 33. Kf2 Rd2+ 34. Ke1 Rxh2 35. Rh4 Kg6 36. g4 a5 37. gxh5+ Kg5 38. Rbe4 Rb7 39. Reg4+ Kf6 40. Rc4 0-1

[Event "Klatovy op-A"]
[Site "Klatovy"]
[Date "2002.??.??"]
[Round "?"]
[White "Snajdr, Jiri"]
[Black "Jenc, Milan"]
[Result "1-0"]
[WhiteElo "2000"]
[BlackElo "1820"]
[PlyCount "51"]
[EventDate "2002.??.??"]
[EventType "swiss"]
[EventRounds "9"]
[EventCountry "CZE"]
[SourceTitle "EXT 2005"]
[Source "ChessBase"]
[SourceDate "2004.11.15"]
[SourceVersion "1"]
[SourceVersionDate "2004.11.15"]
[SourceQuality "1"]

1. d4 Nf6 2. c4 g6 3. Nc3 Bg7 4. e4 d6 5. Be2 0-0 6. Bg5 c5 7. d5 Na6 8. Qd2 Nc7 9. Bh6 a6 10. Bxg7 Kxg7 11. f4 Bd7 12. e5 Nfe8 13. Nf3 b5 14. b3 bxc4 15. bxc4 Rb8 16. 0-0 Rb4 17. Rab1 Qb8 18. a3 Rb6 19. Bd3 e6 20. exd6 Nxd6 21. Ne5 Be8 22. Qe3 Rxb1 23. Rxb1 Qa7 24. Nc6 Bxc6 25. dxc6 Rc8 26. Qe5+ 1-0

[Event "Klatovy op-A"]
[Site "Klatovy"]
[Date "2002.??.??"]
[Round "?"]
[White "Snajdr, Jiri"]
[Black "Peniska, Pavel"]
[Result "0-1"]
[WhiteElo "2000"]
[BlackElo "1815"]
[PlyCount "112"]
[EventDate "2002.??.??"]
[EventType "swiss"]
[EventRounds "9"]
[EventCountry "CZE"]
[SourceTitle "EXT 2005"]
[Source "ChessBase"]
[SourceDate "2004.11.15"]
[SourceVersion "1"]
[SourceVersionDate "2004.11.15"]
[SourceQuality "1"]

1. d4 Nf6 2. c4 g6 3. Nc3 d5 4. cxd5 Nxd5 5. e4 Nxc3 6. bxc3 Bg7 7. Nf3 c5 8. Be2 Nc6 9. Be3 cxd4 10. cxd4 Bg4 11. Rb1 Rb8 12. 0-0 Bxf3 13. gxf3 Nxd4 14. Qa4+ Qd7 15. Qxd7+ Kxd7 16. Rfd1 e5 17. f4 Ke7 18. Bxd4 exd4 19. e5 Rhd8 20. Rb4 f6 21. Rbxd4 fxe5 22. Re4 Rxd1+ 23. Bxd1 Rd8 24. Bb3 Rd4 25. Re2 Rxf4 26. Rc2 Rd4 27. Rc7+ Rd7 28. Rc8 a6 29. f3 Bh6 30. Ba4 Be3+ 31. Kf1 b5 32. Bb3 Kd6 33. Ra8 Ra7 34. Rb8 Kc5 35. Ke2 Bf4 36. h3 Rd7 37. Rc8+ Kb4 38. Rc2 a5 39. Be6 Rd6 40. Bg8 h6 41. Bf7 a4 42. Be8 a3 43. Bf7 Ka5 44. Bg8 h5 45. Bf7 h4 46. Bg8 g5 47. Bf7 Rd4 48. Bg6 b4 49. Rc5+ Kb6 50. Rc2 b3 51. axb3 Kb5 52. Bf7 Kb4 53. Rc8 Rd2+ 54. Ke1 a2 55. Rc4+ Ka3 56. Ra4+ Kb2 0-1